|
|
|
|
| LEADER |
00000nam0a2200000 4500 |
| 001 |
304443 |
| 005 |
20231102001712.0 |
| 035 |
|
|
|a (RuTPU)RU\TPU\book\329690
|
| 090 |
|
|
|a 304443
|
| 100 |
|
|
|a 20150914d1982 km y0rusy50 ca
|
| 101 |
0 |
|
|a rus
|
| 102 |
|
|
|a RU
|
| 105 |
|
|
|a y a 001zb
|
| 200 |
1 |
|
|a Борис Петрович Никольский
|f Академия наук СССР (АН СССР) ; авт. предисл. В. В. Пальчевский ; сост. Н. Б. Полякова и И. А. Махрова
|
| 210 |
|
|
|a Москва
|c Наука
|d 1982
|
| 215 |
|
|
|a 89 с.
|
| 225 |
1 |
|
|a Материалы к биобиблиографии ученых СССР
|
| 225 |
1 |
|
|a Серия химических наук
|v Вып. 67
|
| 320 |
|
|
|a Именной указатель соавторов : с. 64-66.
|
| 600 |
|
1 |
|a Никольский
|b Б. П.
|c российский физикохимик
|f 1900-1990
|g Борис Петрович
|2 stltpush
|3 (RuTPU)RU\TPU\pers\15107
|9 5196
|
| 606 |
1 |
|
|a Химики
|x Персоналии
|2 stltpush
|3 (RuTPU)RU\TPU\subj\69968
|9 84576
|
| 610 |
1 |
|
|a химия
|
| 610 |
1 |
|
|a химическая наука
|
| 610 |
1 |
|
|a история
|
| 610 |
1 |
|
|a Россия
|
| 610 |
1 |
|
|a СССР
|
| 610 |
1 |
|
|a 20 век
|
| 610 |
1 |
|
|a биографии
|
| 610 |
1 |
|
|a физическая химия
|
| 610 |
1 |
|
|a радиохимия
|
| 675 |
|
|
|a 54(092)(01)
|v 4
|
| 702 |
|
1 |
|a Пальчевский
|b В. В.
|4 080
|
| 702 |
|
1 |
|a Полякова
|b Н. Б.
|4 220
|
| 702 |
|
1 |
|a Махрова
|b И. А.
|4 220
|
| 712 |
0 |
2 |
|a Академия наук СССР (АН СССР)
|2 stltpush
|3 (RuTPU)RU\TPU\col\722
|
| 801 |
|
1 |
|a RU
|b 63413507
|c 20150914
|
| 801 |
|
2 |
|a RU
|b 63413507
|c 20150917
|g RCR
|
| 942 |
|
|
|c BK
|